Fundamentals of machining and machine tools (Record no. 13669)
[ view plain ]
| 000 -LEADER | |
|---|---|
| fixed length control field | 00470nam a22001697a 4500 |
| 003 - CONTROL NUMBER IDENTIFIER | |
| control field | OSt |
| 008 - FIXED-LENGTH DATA ELEMENTS--GENERAL INFORMATION | |
| fixed length control field | 250328b |||||||| |||| 00| 0 eng d |
| 020 ## - INTERNATIONAL STANDARD BOOK NUMBER | |
| ISBN | 9788189866662 |
| 082 ## - DEWEY DECIMAL CLASSIFICATION NUMBER | |
| Classification number | 621.902 |
| Item number | SIN/FU |
| 100 ## - MAIN ENTRY--AUTHOR NAME | |
| Personal name | Singal, R.K |
| 245 ## - TITLE STATEMENT | |
| Title | Fundamentals of machining and machine tools |
| 260 ## - PUBLICATION, DISTRIBUTION, ETC. (IMPRINT) | |
| Place of publication | New Delhi |
| Name of publisher | I.K International Publishing House Pvt. Ltd. |
| Year of publication | 2008 |
| 300 ## - PHYSICAL DESCRIPTION | |
| Number of Pages | 370 |
| 700 ## - ADDED ENTRY--PERSONAL NAME | |
| Personal name | Singal, Mridul |
| 700 ## - ADDED ENTRY--PERSONAL NAME | |
| Personal name | Singal, Rishi |
| 942 ## - ADDED ENTRY ELEMENTS (KOHA) | |
| Koha item type | Books |
| Withdrawn status | Lost status | Damaged status | Collection code | Home library | Current library | Shelving location | Date acquired | Source of acquisition | Cost, normal purchase price | Full call number | Accession Number | Koha item type |
|---|---|---|---|---|---|---|---|---|---|---|---|---|
| Non-fiction | KAUAET | KAUAET | General Stacks | 31/03/2012 | Cosmo Books, Calicut | 225.00 | 621.902 SIN/FU | 22334 | Books |
